| 000 | 00498nam a2200181Ia 4500 | ||
|---|---|---|---|
| 001 | 11412 | ||
| 005 | 20260306162826.0 | ||
| 008 | 260306t2024||||xx |||||||||||||| ||spa|| | ||
| 041 | _aESP | ||
| 082 |
_a985.04 _bV18 |
||
| 100 |
_aValcárcel, Carlos Daniel, _eAUT |
||
| 245 | 0 |
_aNarrativas históricas sobre la independencia del Perú : _bdel centenario al sesquicentenario |
|
| 260 | _c2024 | ||
| 300 |
_a292 páginas : _c20 cm. |
||
| 650 | _aGEN | ||
| 654 | _aCHU | ||
| 942 |
_cLIB _dJUS _fJUS _2ddc _n |
||
| 999 |
_c11412 _d11412 |
||